Miami Heat Most Common Starting Lineups - Statistics

General Stats
  • This quiz has been taken 6 times
  • The average score is 12 of 30
Answer Stats
Year(s) Pos. Answer % Correct
2012-2014 (53 games) C Chris Bosh
100%
2012-2014 (53 games) SG Dwyane Wade
100%
2005 (49 games) SG Dwyane Wade
100%
2012-2014 (53 games) SF LeBron James
100%
2005 (49 games) C Shaquille O'Neal
83%
2012-2014 (53 games) PF Udonis Haslem
83%
2005 (49 games) PF Udonis Haslem
83%
1999-2000 (51 games) C Alonzo Mourning
67%
1997-2000 (50 games) C Alonzo Mourning
67%
2012-2014 (53 games) PG Mario Chalmers
67%
1999-2000 (51 games) PG Tim Hardaway
50%
1997-2000 (50 games) PG Tim Hardaway
50%
2001 (47 games) PG Tim Hardaway
50%
2005 (49 games) PG Damon Jones
33%
2005 (49 games) SF Eddie Jones
33%
2001 (47 games) SG Eddie Jones
33%
1992-1994 (85 games) C Rony Seikaly
33%
2001 (47 games) C Brian Grant
17%
1992-1994 (85 games) SF Glen Rice
17%
1992-1994 (85 games) SG Steve Smith
17%
2001 (47 games) PF Anthony Mason
0%
1992-1994 (85 games) PG Brian Shaw
0%
2001 (47 games) SF Bruce Bowen
0%
1999-2000 (51 games) SG Dan Majerle
0%
1992-1994 (85 games) PF Grant Long
0%
1999-2000 (51 games) SF Jamal Mashburn
0%
1997-2000 (50 games) SF Jamal Mashburn
0%
1999-2000 (51 games) PF P.J. Brown
0%
1997-2000 (50 games) PF P.J. Brown
0%
1997-2000 (50 games) SG Voshon Lenard
0%
No matching quizzes found
Score Distribution
Percent of People with Each Score
Percentile by Number Answered
Your Score History
You have not taken this quiz